Guess the Grunge Band - Not Easy - Statistics

General Stats
  • This quiz has been taken 102 times
  • The average score is 10 of 16
Answer Stats
Picture Hint Answer % Correct
Kurt Cobain Nirvana
100%
Eddie Vedder Pearl Jam
93%
Chris Cornell Soundgarden
91%
Layne Staley Alice in Chains
87%
Courtney Love Hole
84%
Scott Weiland Stone Temple Pilots
73%
Billy Corgan The Smashing Pumpkins
73%
Mark Arm Mudhoney / Green River
54%
Andrew Wood Mother Love Bone
53%
Mark Lanegan Screaming Trees
52%
Donita Sparks L7
49%
Tad Doyle Tad
44%
Buzz Osborne Melvins
42%
Shirley Manson Garbage
37%
J Mascis Dinosaur Jr.
21%
Ben McMillan Skin Yard
15%
No matching quizzes found
Score Distribution
Percent of People with Each Score
Percentile by Number Answered
Your Score History
You have not taken this quiz